000 00358nam a2200157Ia 4500
005 20230913120012.0
008 131103s9999 xx 000 0 und d
020 _a7101732
_cRs 195
040 _aLoreto College
041 _aEnglish
082 _aF
_bLUD
100 _aLudlum, Robert
245 4 _aThe Paris option
_b A
850 _aLCLIB
942 _cBK
999 _c20057
_d70536